000 00904nam a2200265 i 4500
001 172617
003 ES-MaACL
005 20230906215001.0
008 090729s1980 be |||| | fre d
020 _a2-87027-053-4
080 _a944"1940/45"
100 1 _aMichel, Henri.
_980897
245 1 3 _aLa Libération de Paris /
_cHenri Michel.
260 _aBruxelles :
_bÉditions Complexe,
_c1980.
300 _a184 p. :
_bil., fotos ;
_c18 cm.
490 1 _aLa mémoire du siècle. 1944 ;
_v6
500 _aCronología.
500 _aÍndice.
504 _aBibliografía.
650 4 _aGuerra mundial, 1939-1945-
_xResistencia-
_zFrancia.
_9139487
651 4 _aFrancia-
_xHistoria-
_y1940-1945, Ocupación alemana.
_9139486
830 0 _aLa mémoire du siècle. 1944 ;
_v6
_9223388
852 4 _aES-MaACL
_jE-12904
_9R.139388
_z. - Biblioteca Jacinto Martínez Lacalle
999 _c172617
_d172617